Top 100 Active MLB WAR Leaders - Statistics

General Stats
  • This quiz has been taken 218 times
    8 since last reset
  • The average score is 77 of 101
Answer Stats
Team Position WAR Answer % Correct
NYY RF 62.9 Aaron Judge
100%
CHC 3B 43.0 Alex Bregman
100%
NYM 3B 20.6 Bo Bichette
100%
PHI 1B 53.6 Bryce Harper
100%
ATL SP 57.3 Chris Sale
100%
MIL DH 45.7 Christian Yelich
100%
TEX SS 43.7 Corey Seager
100%
CIN 3B 26.7 Eugenio Suarez
100%
NYM SS 55.8 Francisco Lindor
100%
LAD 1B 64.7 Freddie Freeman
100%
TOR DH 42.2 George Springer
100%
NYY SP 43.1 Gerrit Cole
100%
NYY DH 47.3 Giancarlo Stanton
100%
TEX SP 48.1 Jacob deGrom
100%
HOU 2B 53.8 Jose Altuve
100%
CLE 3B 57.7 Jose Ramirez
100%
PHI C 39.0 J.T. Realmuto
100%
NYM LF 43.2 Juan Soto
100%
DET SP 81.7 Justin Verlander
100%
ARI 2B 35.6 Ketel Marte
100%
SDP 3B 62.1 Manny Machado
100%
NYM 2B 49.7 Marcus Semien
100%
TOR SP 75.7 Max Scherzer
100%
LAA DH 87.9 Mike Trout
100%
LAD SS 75.3 Mookie Betts
100%
NYY 1B 64.1 Paul Goldschmidt
100%
SFG 1B 26.6 Rafael Devers
100%
KCR C 35.8 Salvador Perez
100%
LAD DH/SP 52.2 Shohei Ohtani
100%
KCR DH 39.2 Starling Marte
100%
BOS SS 34.5 Trevor Story
100%
HOU DH 25.0 Yordan Alvarez
100%
PHI SP 40.5 Zack Wheeler
100%
PHI SP 35.7 Aaron Nola
83%
BOS CP 24.4 Aroldis Chapman
83%
LAD SP 25.3 Blake Snell
83%
KCR SS 22.5 Bobby Witt Jr.
83%
MIN CF 29.8 Byron Buxton
83%
SEA C 18.8 Cal Raleigh
83%
NYY SP 22.1 Carlos Rodon
83%
NYY LF 31.4 Cody Bellinger
83%
SDP RF 27.2 Fernando Tatis Jr.
83%
BAL SS 21.6 Gunnar Henderson
83%
DET SS 27.5 Javier Baez
83%
DET CP 24.2 Kenley Jansen
83%
TOR SP 28.7 Kevin Gausman
83%
LAD RF 27.7 Kyle Tucker
83%
PIT DH 28.9 Marcell Ozuna
83%
SFG 3B 42.2 Matt Chapman
83%
ATL 1B 40.7 Matt Olson
83%
NYY SP 29.3 Max Fried
83%
LAD 3B 26.9 Max Muncy
83%
ARI 3B 57.6 Nolan Arenado
83%
ATL 2B 24.6 Ozzie Albies
83%
PHI SS 41.6 Trea Turner
83%
TOR 1B 26.2 Vladimir Guerrero Jr.
83%
LAD C 23.1 Will Smith
83%
SFG SS 25.6 Willy Adames
83%
SDP SS 42.1 Xander Bogaerts
83%
TEX DH 49.4 Andrew McCutchen
67%
LAA 3B 34.2 Anthony Rendon
67%
ATL 3B 22.6 Austin Riley
67%
TEX LF 26.7 Brandon Nimmo
67%
HOU 3B 46.2 Carlos Correa
67%
ARI 1B 38.8 Carlos Santana
67%
NYM CP 22.8 Craig Kimbrel
67%
CHC SS 28.5 Dansby Swanson
67%
ARI SP 18.9 Eduardo Rodriguez
67%
CHC LF 22.8 Ian Happ
67%
ATH 2B 22.9 Jeff McNeil
67%
SEA SS 21.9 J.P. Crawford
67%
SEA CF 22.9 Julio Rodriguez
67%
PHI DH 20.0 Kyle Schwarber
67%
SFG SP 21.5 Logan Webb
67%
CHC 2B 22.9 Nico Hoerner
67%
BAL 1B 23.3 Pete Alonso
67%
ATL RF 28.5 Ronald Acuna Jr.
67%
MIA SP 21.2 Sandy Alcantara
67%
BOS SP 33.7 Sonny Gray
67%
TBR DH 19.0 Yandy Diaz
67%
SDP SP 33.2 Yu Darvish
67%
ARI SP 20.9 Zac Gallen
67%
PIT RF 21.3 Bryan Reynolds
50%
DET SP 18.8 Framber Valdez
50%
DET 2B 19.2 Gleyber Torres
50%
COL SP 20.1 Kyle Freeland
50%
LAD 2B 18.9 Miguel Rojas
50%
TEX SP 24.3 Nathan Eovaldi
50%
LAD LF 19.1 Teoscar Hernandez
50%
BOS 1B 29.8 Willson Contreras
50%
TOR SS 19.6 Andres Gimenez
33%
ARI SP 19.6 Corbin Burnes
33%
NYM 1B 20.5 Jorge Polanco
33%
COL SP 31.7 Jose Quintana
33%
COL DH 27.3 Kris Bryant
33%
SEA SP 25.6 Luis Castillo
33%
KCR SP 20.0 Michael Wacha
33%
SFG SP 20.9 Robbie Ray
33%
LAD 2B 19.1 Tommy Edman
33%
ATL CP 18.9 Raisel Iglesias
17%
NYM LF 18.8 Tommy Pham
0%
No matching quizzes found
Score Distribution
Percent of People with Each Score
Percentile by Number Answered
Your Score History
You have not taken this quiz since the last reset